| 000 | 00512nam a2200169 i 4500 | ||
|---|---|---|---|
| 001 | 70650 | ||
| 003 | ES-MaACL | ||
| 005 | 20230906170859.0 | ||
| 007 | t| | ||
| 008 | 040729s1965 mx ||||1| spa d | ||
| 100 | 1 |
_aGardner, Richard N. _955517 |
|
| 245 | 1 | 0 |
_aEn busca de la paz mundial / _cRichard N. Gardner ; [versión española de Andrés M. Mateo]. |
| 260 |
_aMéxico : _bLetras, _c1965. |
||
| 300 |
_aXIX, 301 p. ; _c19 cm. |
||
| 700 | 1 |
_aMateo, Andrés M. _978937 |
|
| 852 |
_aES-MaACL _jC-30437 _bR.59849 |
||
| 999 |
_c70650 _d70650 |
||